| Tag |
First Indicator |
Second Indicator |
Subfields |
| LEADER |
00000cam a2200000Mi 4500 |
| 001 |
in00003577708 |
| 006 |
m o d |
| 007 |
cr mnu---uuaaa |
| 008 |
121227s1999 ne o 000 0 eng |
| 005 |
20260422210352.7 |
| 020 |
|
|
|a 9789401148047 (electronic bk.)
|
| 020 |
|
|
|a 940114804X (electronic bk.)
|
| 020 |
|
|
|z 9789401060172
|
| 020 |
|
|
|z 9401060177
|
| 020 |
|
|
|z 940114804X
|
| 035 |
|
|
|a (OCoLC)851369287
|
| 040 |
|
|
|a AU@
|b eng
|c AU@
|d GW5XE
|d UtOrBLW
|
| 049 |
|
|
|a TXAM
|
| 050 |
|
4 |
|a B53
|
| 072 |
|
7 |
|a HP
|2 bicssc
|
| 072 |
|
7 |
|a PHI000000
|2 bisacsh
|
| 072 |
|
7 |
|a SOC002000
|2 bisacsh
|
| 082 |
0 |
4 |
|a 128
|2 23
|
| 100 |
1 |
|
|a Fowler, C. F.
|
| 245 |
1 |
0 |
|a Descartes on the Human Soul :
|b Philosophy and the Demands of Christian Doctrine /
|c by C. F. Fowler.
|
| 264 |
|
1 |
|a Dordrecht :
|b Springer Netherlands,
|c 1999.
|
| 300 |
|
|
|a 1 online resource (xiii, 438 pages)
|
| 336 |
|
|
|a text
|b txt
|2 rdacontent
|
| 337 |
|
|
|a computer
|b c
|2 rdamedia
|
| 338 |
|
|
|a online resource
|b cr
|2 rdacarrier
|
| 490 |
1 |
|
|a International Archives of the History of Ideas / Archives Internationales d'Histoire des Idées,
|x 0066-6610 ;
|v 160
|
| 520 |
|
|
|a The author's aim of providing an understanding of the development, content and presentation of two aspects of Descartes' philosophy of the human soul - immortality and body-soul union - has been achieved and executed with rigour, scholarship and philosophical acuity. Fowler combines close textual analysis with a consideration of the philosophical arguments and the theological background against which these arguments were developed. This contextual approach enables him to provide new insights into the nature of Descartes' philosophy, and indeed of early modern philosophy more generally. Despite the massive scholarly documentation, this finely structured and clearly written study is eminently readable. The work is a significant contribution to the world of Cartesian scholarship which professors and graduate students of Descartes, as well as the world's libraries, must have.
|
| 500 |
|
|
|a Electronic resource.
|
| 650 |
|
0 |
|a Philosophy (General)
|
| 650 |
|
0 |
|a Philosophy, Modern.
|
| 650 |
|
0 |
|a Phenomenology.
|
| 650 |
|
0 |
|a Philosophy.
|
| 650 |
|
0 |
|a History.
|
| 650 |
|
0 |
|a Religion (General)
|
| 655 |
|
7 |
|a Electronic books.
|2 local
|
| 710 |
2 |
|
|a SpringerLink (Online service)
|
| 776 |
1 |
8 |
|i Print version:
|z 9789401060172
|
| 830 |
|
0 |
|a International Archives of the History of Ideas / Archives Internationales d'Histoire des Idées ;
|v 160.
|
| 856 |
4 |
0 |
|u http://proxy.library.tamu.edu/login?url=https://link.springer.com/10.1007/978-94-011-4804-7
|z Connect to the full text of this electronic book
|t 0
|
| 994 |
|
|
|a 92
|b TXA
|
| 999 |
|
|
|a MARS
|
| 999 |
f |
f |
|s d484593e-1571-3b7c-9fcf-76ce367d904d
|i bf5d746f-e2c1-3e8a-a4a2-0dfbaa2b781d
|t 0
|
| 952 |
f |
f |
|a Texas A&M University
|b College Station
|c Electronic Resources
|s www_evans
|d Available Online
|t 0
|e B53
|h Library of Congress classification
|
| 998 |
f |
f |
|a B53
|t 0
|l Available Online
|